000 00959cam a2200337 4500
001 ABS61522
008 000000n1999 000 0 eng u
035 _a(Sirsi) u101616
245 _aRegional survey: Scotland
260 _c1999
490 _aProperty Week
_v64(39) 8 October 1999, 46-84(15)
590 _aABS
650 _aSCOTLAND
650 _aGLASGOW
650 _aSHOPPING CENTRES
650 _aPROPERTY-COMMERCIAL PROPERTY-OFFICE PROPERTY-OFFICE PROPERTY MARKET
650 _aOFFICE RENTS
650 _aEDINBURGH
650 _aINDUSTRIAL MARKET
650 _aINDUSTRIAL RENTS
650 _aPROPERTY-COMMERCIAL PROPERTY-RETAIL PROPERTY-RETAIL PROPERTY MARKET
650 _aRETAIL RENTS
650 _aRETAIL DEVELOPMENT
650 _aABERDEEN
650 _aDUNDEE
650 _aSTIRLING
650 _aPRESTWICK
650 _aINVERNESS
690 _aPROPERTY-COMMERCIAL PROPERTY-COMMERCIAL PROPERTY MARKET
942 _n0
999 _c60745
_d60745